Microfinance India : (Record no. 61168)
[ view plain ]
| 000 -LEADER | |
|---|---|
| fixed length control field | 01587nam a22002657a 4500 |
| 005 - DATE AND TIME OF LATEST TRANSACTION | |
| control field | 20120119112250.0 |
| 008 - FIXED-LENGTH DATA ELEMENTS--GENERAL INFORMATION | |
| fixed length control field | 120119t xxu||||| |||| 00| 0 eng d |
| 010 ## - LCCN (DPL NO) | |
| LC control number | ENG-104778 |
| 020 ## - INTERNATIONAL STANDARD BOOK NUMBER | |
| International Standard Book Number | 9788132107057 |
| Terms of availability | 795.00 |
| 035 ## - SYSTEM CONTROL NUMBER | |
| System control number | EN-88311 |
| 037 ## - SOURCE OF ACQUISITION | |
| Source of stock number/acquisition | DBAD/PUB |
| 040 ## - CATALOGING SOURCE | |
| Original cataloging agency | DPL |
| Language of cataloging | Eng |
| 082 00 - DEWEY DECIMAL CLASSIFICATION NUMBER | |
| Classification number | 332 |
| Edition number | 23 |
| 100 1# - MAIN ENTRY--PERSONAL NAME | |
| Personal name | Srinivasan, N. |
| 9 (RLIN) | 39606 |
| 245 10 - TITLE STATEMENT | |
| Title | Microfinance India : |
| Remainder of title | state of the sector report 2011 / |
| Statement of responsibility, etc | by N. Srinivasan |
| 260 ## - PUBLICATION, DISTRIBUTION, ETC. (IMPRINT) | |
| Place of publication, distribution, etc | New Delhi |
| Name of publisher, distributor, etc | SAGE Publications |
| Date of publication, distribution, etc | 2011 |
| 270 ## - ADDRESS | |
| Address | B1/I-1 Mohan Cooperative Industrial Area, Mathura Road |
| City | New Delhi |
| Postal code | 110044 |
| 300 ## - PHYSICAL DESCRIPTION | |
| Extent | xviii,145p. |
| Dimensions | 27cm(pbk) |
| 500 ## - GENERAL NOTE | |
| General note | Includes bibliographical references and index. |
| 505 0# - FORMATTED CONTENTS NOTE | |
| Formatted contents note | Overview : despair to hope -- Self-help group bank linkage programme : early signs of a new thrust -- Microfinance institutions : slow recovery from a disaster -- Andhra pradesh : ream turns nightmare -- Investment climate : fairweather partners -- Social performance management : beyond responsible finance and customer protection -- Policy environment and the regulation : hard times ahead -- National rural livelihoods mission : will it go beyond finance? -- Financial inclusion : march of the banks -- Global trends in microfinance -- Future : beginning again? -- Appendix -- Bibliography -- Index -- About the author. |
| 650 #0 - SUBJECT ADDED ENTRY--TOPICAL TERM | |
| Topical term or geographic name as entry element | Microfinance |
| Geographic subdivision | India. |
| 9 (RLIN) | 39607 |
| 942 ## - ADDED ENTRY ELEMENTS (KOHA) | |
| Source of classification or shelving scheme | Dewey Decimal Classification |
| Item type | English Books |
| Classification part | 332 |
| Call number suffix | SRI |
| Withdrawn status | Lost status | Source of classification or shelving scheme | Damaged status | Not for loan | Collection code | Home library | Current library | Date acquired | Source of acquisition | Cost, normal purchase price | Total Checkouts | Full call number | Barcode | Date last seen | Copy number | Cost, replacement price | Koha item type |
|---|---|---|---|---|---|---|---|---|---|---|---|---|---|---|---|---|---|
| Dewey Decimal Classification | Not For Loan | Non-fiction | D.B.Act.Division | D.B.Act.Division | 19/01/2012 | DBAD/PUB | 795.00 | 332 SRI | EN-88311 | 19/01/2012 | 1 | 795.00 | English Books |
